000 00692nam a22002172 4500
001 0000009417
005 20151217155839.0
008 081021s xx 000 0 eng d
020 _cDonation
040 _aKABU
_cKABU
110 2 _aKenya.
_bMinistry of Health.
_@0000156093
245 1 0 _aKenya national guidelines on nutrition and HIV/AIDS /
_cKenya. Ministry of Health.
250 _aRev. ed.
260 _aNairobi :
_bUnicef,
_c2007.
300 _axiv, 108 p.
650 0 _aAIDS (Disease)
_xNutritional aspects.
_@0000160848
650 0 _aHIV-positive persons
_xNutrition.
_@0000160849
908 _a081021
950 _@1
999 _c13162
_d13162